MARC

LEADER 00000nam0a2200000 4500
001 366143
005 20231102011843.0
035 |a (RuTPU)RU\TPU\retro\23506 
090 |a 366143 
100 |a 20220201d1979 km y0rusy50 ca 
101 0 |a eng 
102 |a RU 
105 |a a z 001zb 
200 1 |a Виктор Васнецов  |e альбом  |f сост. Н. Ф. Шанина 
210 |a Ленинград  |c Аврора  |d 1979 
215 |a 132 с.  |c ил. 
300 |a На англ. яз. 
320 |a Список иллюстраций: с. 127-131 
600 1 |a Васнецов  |b В. М.  |c русский живописец  |f 1848-1926  |g Виктор Михайлович  |2 stltpush  |3 (RuTPU)RU\TPU\pers\10470  |9 2227 
606 1 |a Живописцы  |2 stltpush  |3 (RuTPU)RU\TPU\subj\10834  |9 37852 
610 1 |a изобразительное искусство 
610 1 |a русская живопись 
610 1 |a художники 
610 1 |a персоналии 
610 1 |a 19 век 
610 1 |a 20 век 
610 1 |a Россия 
610 1 |a альбомы 
675 |a 75.071  |v 4 
702 1 |a Шанина  |b Н. Ф.  |g Надежда Федоровна  |4 220 
801 1 |a RU  |b 63413507  |c 20220201 
942 |c BK